000 00876nam a2200265Ia 4500
003 OSt
005 20221005062206.0
006 a|||||r|||| 00| 0
007 ta
008 221004b |||||||| |||| 00| 0 eng d
020 _a0197136001 (hbk)
_c5495
024 _a96471
037 _b101, 23/03/2009, Standard Book House
_cTextual
040 _aCRL
_cCRL
_beng
041 _2eng
_aeng
082 _aV1(Q7):3(Q).K<-D, M1
100 _aLambton Ann S.
_9601541
245 0 _aState and government in medieval Islam
_b An introduction to the study of Islamic political theory
260 _aLondon
_bRoutledge UK
_c1981
300 _axviii, 364p.
_ccm.
490 _aLondon oriental series; Vol. 36
650 _aHISTORY
942 _hV1(Q7):3(Q).K<-D, M1
_cTEXL
_2cc
999 _c969338
_d969338